Traduction en anglais : Antonymes #1 - Statistiques

Statistiques générales
  • Ce quiz a été pris 21 612 fois
  • Le résultat moyen est 18 sur 20
Statistiques - réponses
Mot anglais Antonyme % Correct
Hot (adj.) Cold
99%
Always (adv.) Never
98%
After (adv.) Before
97%
Small (adj.) Big
97%
White (adj.) Black
97%
Bad (adj.) Good
97%
North (n.) South
97%
Left (n.) Right
96%
Up (adv.) Down
95%
Difficult (adj.) Easy
95%
Day (n.) Night
95%
Closed (adj.) Open
95%
Young (adj.) Old
94%
To love (v.) To hate
94%
To win (v.) To lose
92%
Fast (adj.) Slow
85%
To buy (v.) To sell
84%
Dirty (adj.) Clean
82%
Cheap (adj.) Expensive
75%
Friend (n.) Enemy
73%
Aucun quiz correspondant
Distribution des résultats
% des personnes avec chaque résultat
Percentile par nombre de réponses
Votre historique - résultats
Vous n’avez pas pris ce quiz